000 00826nam a2200229 a 4500
001 000048554
005 20201002061232.0
008 150611s2015 dr a 000 0 spa d
020 _a9789945597004
040 _aDO-SdBNP
_bspa
_cBNPHU
100 1 _aMella, Pablo
_d1963-
_974093
245 1 4 _aÉtica del posdesarrollo /
_cPablo Mella ; prólogo Alberto Acosta.
260 _aSanto Domingo, :
_bAmigo del hogar,
_c2015.
300 _a559 p. :
_bil. ;
_c23 cm.
490 1 _aPensamiento y vida
_v5
500 _aIncluye datos biográficos del autor en la solapa de la cubierta
500 _aIncluye referencias bibliográficas y notas al pie de las páginas.
504 _aBibliografía p. : 523-554
590 _aInventariado, 2019/VM
700 1 _aAcosta, Alberto
_epról.
_976019
830 0 _aPensamiento y vida
_n5
_976020
999 _c48042
_d48042